Sports Quiz

Random Sports or NFL Quiz

NFL Teams Without Cheerleaders Quiz Stats

 Plays Quiz Updated Oct 2, 2018

Score 0/6 Timer 02:00
0 Plays Today
% Correct
Green Bay Packers
83.1%
New York Giants
77.5%
Chicago Bears
75.2%
Cleveland Browns
74.6%
Pittsburgh Steelers
71.7%
Buffalo Bills
63.7%

You're not logged in!

Compare scores with friends on all Sporcle quizzes.
OR
Log In

Sporcle TV

Today on Sporcle TV


Watch our educational content, quiz creation guides, and fun videos on Sporcle TV.

Show Comments

Extras

Top Quizzes Today


Score Distribution

Your Account Isn't Verified!

In order to create a playlist on Sporcle, you need to verify the email address you used during registration. Go to your Sporcle Settings to finish the process.

Report this User

Report this user for behavior that violates our Community Guidelines.

Details: